| 000 | 00608nam a2200241 a 4500 | ||
|---|---|---|---|
| 001 | nice12345678 | ||
| 003 | IN_TiNIC | ||
| 005 | 20260116011654.0 | ||
| 008 | 050524s1972 bana grp 000 0 eng | ||
| 020 |
_a _c100 |
||
| 082 | 0 | 0 |
_a248.24 _bVEN |
| 100 | _aVenugopal, C T | ||
| 245 | _aWitness to Christ | ||
| 260 |
_aBangalore _bChristian Instt.For Study of Religion _c1972 |
||
| 300 | _a35p | ||
| 500 | _aincludes index and biblioraphy | ||
| 505 | 2 | _aAppendix, Bibliography | |
| 650 | _aConversion-Christianity | ||
| 700 | 1 | _aVenugopal, C T | |
| 902 | _bSRS | ||
| 942 | _cBK | ||
| 999 |
_c3308 _d3308 |
||